[Event "Elit(Farsta-Rockaden,Umea)"]
[Site "?"]
[Date "2019.03.29"]
[Round "7"]
[White "Eriksson, Jorgen"]
[Black "Hjelm, Niclas"]
[Result "1/2-1/2"]
[WhiteElo "2206"]
[BlackElo "2325"]
[PlyCount "118"]
1. d4 d5 2. c4 c6 3. Nf3 Nf6 4. g3 g6 5. Nbd2 Bg7 6. Bg2 O-O 7. O-O Bf5 8. Qb3
Qb6 9. c5 Qa6 10. Re1 b6 11. cxb6 axb6 12. Ne5 Qa4 13. Qxa4 Rxa4 14. e3 Nfd7
15. Nxd7 Nxd7 16. b3 Ra7 17. Bb2 e6 18. a4 c5 19. Rec1 Rc8 20. e4 dxe4 21. Nxe4
Bxe4 22. Bxe4 Rac7 23. Rd1 cxd4 24. Bxd4 Nc5 25. Bxg7 Kxg7 26. Bc2 Nxa4 27.
bxa4 Rxc2 28. Rdb1 R8c6 29. h4 Rd2 30. Rd1 Rd5 31. Rdc1 Rcd6 32. Rc2 Rd1+ 33.
Rxd1 Rxd1+ 34. Kg2 Rb1 35. Ra2 Rb3 36. a5 bxa5 37. Rxa5 h5 38. Ra7 Kf6 39. Rc7
Rb6 40. Ra7 e5 41. Ra5 Kf5 42. Ra7 f6 43. Ra5 Rb2 44. Rc5 g5 45. hxg5 Kxg5 46.
Rc8 e4 47. Re8 Kf5 48. Kf1 Ra2 49. Re7 Ra8 50. Ke2 Ra3 51. Re8 h4 52. gxh4 Kf4
53. Rf8 f5 54. h5 Rh3 55. Rh8 Kg5 56. h6 Rxh6 57. Rxh6 Kxh6 58. f3 exf3+ 59.
Kxf3 Kg5 1/2-1/2

[Event "Elit(Rockaden,Sthlm-LASK)"]
[Site "?"]
[Date "2019.03.29"]
[Round "7"]
[White "Tikkanen, Hans"]
[Black "Hedman, Erik"]
[Result "1-0"]
[WhiteElo "2516"]
[BlackElo "2378"]
[PlyCount "73"]
1. d4 c5 2. d5 g6 3. e4 d6 4. Nc3 Bg7 5. h4 Nf6 6. Bf4 O-O 7. Qd2 Qb6 8. Rb1
Bd7 9. f3 Na6 10. Bh6 Nc7 11. h5 e6 12. Qg5 Bxh6 13. Qxh6 exd5 14. Qg5 Nce8 15.
exd5 Qd8 16. Bd3 Ng7 17. g4 Re8+ 18. Nge2 Re5 19. Qh6 Qe7 20. hxg6 fxg6 21.
Bxg6 hxg6 22. Qh8+ Kf7 23. Qxa8 Bb5 24. Rh2 Bc4 25. Rd1 Nxd5 26. Ne4 Bxe2 27.
Rxe2 Ne6 28. Qxb7 Qxb7 29. Nxd6+ Kf6 30. Nxb7 Ne3 31. Nd6 Nf4 32. Ne4+ Rxe4 33.
fxe4 Nxe2 34. Rd6+ Ke5 35. Kxe2 Kxd6 36. Kxe3 g5 37. b4 1-0

[Event "Elit(Vasteras-Eksjo)"]
[Site "?"]
[Date "2019.03.29"]
[Round "7"]
[White "Gajic, Mladen"]
[Black "Pantzar, Milton"]
[Result "0-1"]
[WhiteElo "2316"]
[BlackElo "2331"]
[PlyCount "88"]
1. e4 e5 2. Nf3 Nc6 3. Nc3 Nf6 4. d4 exd4 5. Nd5 Be7 6. Bc4 O-O 7. O-O d6 8.
Nxd4 Nxd5 9. exd5 Nxd4 10. Qxd4 Bf5 11. Bd3 Bf6 12. Qc4 Bxd3 13. Qxd3 Qd7 14.
a4 Rfe8 15. a5 c5 16. dxc6 bxc6 17. Ra4 d5 18. b3 c5 19. Rd1 Re6 20. Be3 d4 21.
c3 Qe7 22. cxd4 cxd4 23. Rxd4 Bxd4 24. Qxd4 a6 25. g3 h6 26. Qc5 Rd8 27. Rc1
Qb7 28. Qc2 Qf3 29. Re1 Qd5 30. b4 Rde8 31. Rd1 Qf3 32. Rd7 Rc6 33. Qd2 Rec8
34. h4 Rc4 35. Kh2 Re8 36. Qd3 Rxb4 37. Rd8 Rxd8 38. Qxd8+ Kh7 39. Qd3+ Qe4 40.
Qe2 Rb1 41. f3 Qg6 42. Bb6 Rc1 43. Qxa6 Qc2+ 44. Kh3 h5 0-1

[Event "Elit(Farsta-Rockaden,Umea)"]
[Site "?"]
[Date "2019.03.29"]
[Round "7"]
[White "Ong, Kezli"]
[Black "Johansson, David"]
[Result "1-0"]
[WhiteElo "2341"]
[BlackElo "2128"]
[PlyCount "64"]
1. e4 e6 2. d4 d5 3. Bd3 c5 4. exd5 Qxd5 5. Nf3 cxd4 6. O-O Nc6 7. Nbd2 Bc5 8.
a3 a5 9. Re1 Nf6 10. Ne4 Be7 11. Bg5 e5 12. Bxf6 gxf6 13. Ng3 Be6 14. Nh4 O-O-O
15. Nhf5 Rdg8 16. Be4 Qd7 17. Qf3 Bd8 18. b4 h5 19. b5 Ne7 20. Bxb7+ Kb8 21.
Bc6 Nxc6 22. bxc6 Qd5 23. Rab1+ Kc7 24. Ne4 Rg4 25. Nfd6 f5 26. Rb7+ Kxc6 27.
Qd3 Bb6 28. Rb1 Rxg2+ 29. Kxg2 Bc7 30. Qa6+ Kd7 31. Rxc7+ Kxc7 32. Rb7+ Qxb7
1-0

[Event "Elit(Rockaden,Sthlm-LASK)"]
[Site "?"]
[Date "2019.03.29"]
[Round "7"]
[White "Wiedenkeller, Michael"]
[Black "Dragicevic, Drazen"]
[Result "1/2-1/2"]
[WhiteElo "2463"]
[BlackElo "2340"]
[PlyCount "105"]
1. d4 d5 2. c4 e6 3. Nc3 a6 4. cxd5 exd5 5. Bf4 c6 6. Qc2 Nf6 7. e3 Bd6 8. Bg3
O-O 9. Bd3 c5 10. Bxd6 Qxd6 11. dxc5 Qxc5 12. Nge2 Nc6 13. O-O d4 14. Ne4 Nxe4
15. Bxe4 Qxc2 16. Bxc2 dxe3 17. fxe3 Re8 18. Nf4 Rxe3 19. Bb3 Be6 20. Nxe6 fxe6
21. Rae1 Rxe1 22. Rxe1 Nd4 23. Bxe6+ Nxe6 24. Rxe6 Rc8 25. Rb6 Rc7 26. Kf2 Re7
27. Kf3 Kf7 28. Kf4 Ke8 29. h4 Kd8 30. a4 Rf7+ 31. Ke5 Kc7 32. Rb4 Re7+ 33. Kf5
b6 34. Re4 g6+ 35. Kf4 Rf7+ 36. Kg4 Rf2 37. Kg3 Rf7 38. Rf4 Re7 39. Kg4 Kd6 40.
Kg5 Re5+ 41. Kf6 Rh5 42. g3 a5 43. Rc4 b5 44. Rf4 Kc6 45. Kg7 bxa4 46. Rxa4 Kb5
47. b3 g5 48. Rg4 gxh4 49. gxh4 Kb6 50. Rf4 Kb5 51. Re4 Kb6 52. Re6+ Kb5 53.
Re4 1/2-1/2

[Event "Elit(Vasteras-Eksjo)"]
[Site "?"]
[Date "2019.03.29"]
[Round "7"]
[White "Jonsson, Mikael"]
[Black "Ornstein, Axel"]
[Result "1-0"]
[WhiteElo "2251"]
[BlackElo "2301"]
[PlyCount "67"]
1. e4 e5 2. Nf3 Nc6 3. Bb5 a6 4. Ba4 Nf6 5. O-O Be7 6. Re1 b5 7. Bb3 O-O 8. c3
d6 9. d4 Bg4 10. d5 Na5 11. Bc2 c6 12. h3 Bd7 13. Nxe5 dxe5 14. d6 Bxd6 15.
Qxd6 Nc4 16. Qd3 Be6 17. Qf3 Qe7 18. b3 Nb6 19. Nd2 Nfd7 20. a4 bxa4 21. Ba3 c5
22. bxa4 Nc4 23. Nxc4 Bxc4 24. Qe3 Rfc8 25. Rab1 Rab8 26. Red1 Rxb1 27. Rxb1
Nf8 28. Bd3 Qe6 29. a5 Bxd3 30. Qxd3 Qa2 31. Bxc5 Rxc5 32. Rb8 Rb5 33. Rxf8+
Kxf8 34. Qd8# 1-0

[Event "Elit(Farsta-Rockaden,Umea)"]
[Site "?"]
[Date "2019.03.29"]
[Round "7"]
[White "Mardell, Jonas"]
[Black "Jaderberg, Bjorn"]
[Result "0-1"]
[WhiteElo "2029"]
[BlackElo "2135"]
[PlyCount "90"]
1. e4 e6 2. d4 d5 3. exd5 exd5 4. Bd3 Nf6 5. h3 Bd6 6. Qf3 Nc6 7. c3 h6 8. Be3
Be6 9. Nd2 Ne7 10. Ne2 Qd7 11. Nf4 Bf5 12. g4 Bxd3 13. Nxd3 Qb5 14. Qe2 a5 15.
a4 Qa6 16. Ne5 Nd7 17. Qxa6 Rxa6 18. f4 f6 19. Nxd7 Kxd7 20. f5 h5 21. O-O-O
Raa8 22. Kc2 Rh7 23. Nb3 b6 24. Nc1 Rah8 25. Rhg1 hxg4 26. hxg4 Rh3 27. Rde1
Rf3 28. Re2 Rhh3 29. Bd2 c5 30. Nb3 Nc6 31. g5 c4 32. Nc1 Rxf5 33. gxf6 gxf6
34. Rg7+ Ne7 35. b4 cxb3+ 36. Nxb3 Rff3 37. Nc1 Rfg3 38. Rf7 f5 39. Bf4 Rxc3+
40. Kb2 Ba3+ 41. Ka2 Ke8 42. Rxf5 Bxc1 43. Bxc1 Rxc1 44. Rxd5 Rc2+ 45. Rxc2
Nxd5 0-1

[Event "Elit(Rockaden,Sthlm-LASK)"]
[Site "?"]
[Date "2019.03.29"]
[Round "7"]
[White "Mauritsson, Sebastian"]
[Black "Bator, Robert"]
[Result "1/2-1/2"]
[WhiteElo "2322"]
[BlackElo "2378"]
[PlyCount "50"]
1. e4 c5 2. Nf3 Nc6 3. d4 cxd4 4. Nxd4 e5 5. Nb5 a6 6. Nd6+ Bxd6 7. Qxd6 Qe7 8.
Qxe7+ Ngxe7 9. Nc3 d5 10. exd5 Nb4 11. Bd3 Nxd3+ 12. cxd3 Bf5 13. Be3 Rd8 14.
d4 Nxd5 15. Nxd5 Rxd5 16. dxe5 Rxe5 17. Rc1 O-O 18. O-O h6 19. Rc7 Be4 20. Rc5
Re6 21. Bd4 Rd8 22. Bc3 Bc6 23. Re5 Red6 24. Re3 f6 25. Rfe1 Rd1 1/2-1/2

[Event "Elit(Vasteras-Eksjo)"]
[Site "?"]
[Date "2019.03.29"]
[Round "7"]
[White "Vernersson, Per"]
[Black "Bergstrom, Peter"]
[Result "0-1"]
[WhiteElo "2299"]
[BlackElo "2286"]
[PlyCount "88"]
1. d4 d5 2. c4 c6 3. Nf3 Nf6 4. Nc3 dxc4 5. a4 Bf5 6. Ne5 Nbd7 7. Nxc4 Nb6 8.
Ne5 a5 9. f3 Nfd7 10. Nxd7 Nxd7 11. e4 Bg6 12. Be3 Qb6 13. Qd2 e5 14. Rd1 O-O-O
15. d5 Bc5 16. Bxc5 Nxc5 17. g3 f5 18. Bh3 Kb8 19. exf5 Bf7 20. Qe3 Bxd5 21.
Rd2 Bc4 22. Bf1 Rxd2 23. Qxd2 Rd8 24. Qf2 Qb4 25. Qe3 Bxf1 26. Qxe5+ Ka8 27.
Kxf1 Nxa4 28. Nxa4 Qxa4 29. Kg2 Qc2+ 30. Kh3 Rd5 31. Qxg7 Qxf5+ 32. Qg4 Qc2 33.
b4 a4 34. Qe4 Qxe4 35. fxe4 Rb5 36. Re1 Kb8 37. e5 Kc8 38. e6 Kd8 39. Re4 Ke7
40. g4 Rb6 41. Kh4 a3 42. Re3 a2 43. Re1 Rxb4 44. Ra1 Ra4 0-1

[Event "Elit(Farsta-Rockaden,Umea)"]
[Site "?"]
[Date "2019.03.29"]
[Round "7"]
[White "Namini, Armin"]
[Black "Isaksson, Henrik"]
[Result "1-0"]
[WhiteElo "2214"]
[BlackElo "2083"]
[PlyCount "171"]
1. c4 e6 2. g3 d5 3. Bg2 Nf6 4. Nf3 Be7 5. O-O O-O 6. b3 c5 7. Bb2 Nc6 8. e3 b6
9. Nc3 Bb7 10. cxd5 Nxd5 11. Nxd5 Qxd5 12. d4 Qd8 13. Rc1 Rc8 14. Ne5 Ba8 15.
dxc5 Nxe5 16. Bxe5 Bxg2 17. Kxg2 Rxc5 18. Rxc5 Bxc5 19. Qf3 Qa8 20. Rd1 Qxf3+
21. Kxf3 f6 22. Bb2 Rf7 23. Rd8+ Rf8 24. Rd2 Rf7 25. Ke2 Rc7 26. Rc2 Rd7 27. a3
Kf7 28. b4 Bd6 29. Rc6 Ke7 30. e4 e5 31. Bc1 Rc7 32. Rxc7+ Bxc7 33. b5 Bd6 34.
Kd3 Ke6 35. Kc4 g6 36. a4 Bc5 37. f3 Bg1 38. h3 Bf2 39. g4 g5 40. Ba3 Be3 41.
Bb4 Bf2 42. Bd2 Kd6 43. Bb4+ Ke6 44. Bc3 Kd6 45. Bd2 Ke6 46. Bb4 Be3 47. Be1
Bg1 48. h4 gxh4 49. Bxh4 Be3 50. Bg3 Bd4 51. Bh2 Be3 52. Kd3 Bc5 53. Bg3 Bd4
54. Be1 Bc5 55. Bd2 Bd6 56. Be3 Bb4 57. Kc4 Bd6 58. a5 Bc7 59. axb6 axb6 60.
Kb4 Bd6+ 61. Kc4 Bc7 62. Bg1 Bd8 63. Bf2 Bc7 64. Be3 Bd8 65. f4 exf4 66. Bxf4
Be7 67. Be3 Bd8 68. Bd4 Bc7 69. Kd3 Kf7 70. Ke2 Kg6 71. Kf3 Bd8 72. e5 fxe5 73.
Bxe5 Bf6 74. Bc7 Bd4 75. Ke4 Bc5 76. Bd8 h5 77. gxh5+ Kxh5 78. Kd5 Kg6 79. Kc6
Kf7 80. Bxb6 Bb4 81. Bc7 Bd2 82. b6 Be3 83. b7 Ba7 84. Bb6 Bb8 85. Kd7 Kf6 86.
Kc8 1-0

[Event "Elit(Rockaden,Sthlm-LASK)"]
[Site "?"]
[Date "2019.03.29"]
[Round "7"]
[White "Sorensen, Hampus"]
[Black "Jogstad, Martin"]
[Result "1-0"]
[WhiteElo "2230"]
[BlackElo "2246"]
[PlyCount "139"]
1. d4 d5 2. c4 c6 3. Nf3 Nf6 4. Nc3 dxc4 5. a4 Bf5 6. Nh4 Bc8 7. e3 e6 8. Bxc4
c5 9. O-O Nc6 10. Nf3 Be7 11. Qe2 cxd4 12. Rd1 O-O 13. exd4 Nb4 14. a5 Bd7 15.
Ne5 Bc6 16. Nxc6 bxc6 17. a6 Qc7 18. Na4 Nd7 19. Be3 Nb6 20. Bb3 Nxa4 21. Bxa4
Rab8 22. Rdc1 Rfc8 23. b3 Qd6 24. g3 Qd5 25. Rc4 Rb6 26. Rac1 Nxa6 27. Bd2 Bb4
28. Qe1 Bxd2 29. Qxd2 Qd6 30. Qa5 g6 31. h4 h5 32. R1c3 Rc7 33. Qg5 Nb4 34. Rf3
Qe7 35. Qe5 Rd7 36. Qe4 Rd5 37. Rfc3 Qd6 38. Qe3 Kg7 39. Kg2 a5 40. Kg1 Kg8 41.
Qe4 Kg7 42. Kg2 e5 43. dxe5 Rxe5 44. Qf4 Nd5 45. Qd4 c5 46. Rxc5 Rb4 47. R5c4
f6 48. Rd3 Qb6 49. Rxb4 Qxb4 50. Qxb4 axb4 51. Rd4 Nc3 52. Rxb4 Nxa4 53. bxa4
Re2 54. Kf3 Ra2 55. Ke3 Ra3+ 56. Kd4 Rf3 57. a5 Rxf2 58. Ra4 Rd2+ 59. Kc3 Rd8
60. a6 g5 61. a7 Ra8 62. Kd4 f5 63. hxg5 Kg6 64. Kc5 Kxg5 65. Kb6 Rg8 66. a8=Q
Rxa8 67. Rxa8 Kg4 68. Rg8+ Kf3 69. Rg5 h4 70. gxh4 1-0

[Event "Elit(Vasteras-Eksjo)"]
[Site "?"]
[Date "2019.03.29"]
[Round "7"]
[White "Norberg, Erik"]
[Black "Malesevic, Nedeljko"]
[Result "1-0"]
[WhiteElo "2209"]
[BlackElo "2249"]
[PlyCount "123"]
1. c4 Nf6 2. Nc3 c5 3. g3 d5 4. cxd5 Nxd5 5. Bg2 Nc7 6. Nf3 Nc6 7. d3 e5 8. Be3
Be7 9. Rc1 Bd7 10. O-O Rc8 11. Nd2 O-O 12. f4 exf4 13. gxf4 b6 14. f5 Bg5 15.
Bxg5 Qxg5 16. Nce4 Qe3+ 17. Kh1 Nd4 18. Nc4 Qxe2 19. Qxe2 Nxe2 20. Rce1 Nd4 21.
Ned6 Rcd8 22. Re7 Ncb5 23. Nxb5 Bxb5 24. Rxa7 Nc6 25. Rc7 Rxd3 26. Nxb6 Rd2 27.
Rc1 Nd4 28. R7xc5 Rxb2 29. a4 Be2 30. Nd7 Bf3 31. Bxf3 Nxf3 32. R5c2 Rxc2 33.
Rxc2 Rd8 34. Rc7 h5 35. f6 Nd4 36. fxg7 Ne6 37. Rb7 Kxg7 38. a5 Rc8 39. a6 Nc5
40. Rb8 Rxb8 41. Nxb8 Ne6 42. a7 Nc7 43. Kg2 Kg6 44. Kf3 Kf5 45. Nc6 Na8 46.
Ke3 Kg4 47. Ne5+ Kh3 48. Nf3 Kg4 49. Ke4 f6 50. Nd4 Kh3 51. Kd5 Kxh2 52. Kc6 h4
53. Nf3+ Kg3 54. Nxh4 Kxh4 55. Kb7 f5 56. Kxa8 f4 57. Kb8 f3 58. a8=Q Kg3 59.
Qe4 f2 60. Qh1 Kf4 61. Kc7 Ke3 62. Qf1 1-0

[Event "Elit(Limhamn-Stockholms SS)"]
[Site "?"]
[Date "2019.03.29"]
[Round "7"]
[White "Westerberg, Jonathan"]
[Black "Johansson, Linus"]
[Result "1/2-1/2"]
[WhiteElo "2542"]
[BlackElo "2477"]
[PlyCount "59"]
1. e4 e6 2. d4 d5 3. Nc3 Bb4 4. Nge2 dxe4 5. a3 Bxc3+ 6. Nxc3 Nc6 7. d5 exd5 8.
Qxd5 Be6 9. Qxe4 Nf6 10. Qh4 Bf5 11. Bb5 Bxc2 12. O-O O-O 13. Bxc6 bxc6 14. Bg5
h6 15. Bxf6 Qxf6 16. Qxf6 gxf6 17. Rfc1 Bd3 18. Na2 Rfb8 19. Rxc6 Rxb2 20. Rxc7
Rd8 21. Nc3 Bg6 22. h3 Rdd2 23. Na4 Rbc2 24. Rxc2 Rxc2 25. Rb1 Ra2 26. Rb7 Rxa3
27. Rxa7 Kg7 28. Ra6 Bd3 29. Rd6 Rxa4 30. Rxd3 1/2-1/2

[Event "Elit(Limhamn-Stockholms SS)"]
[Site "?"]
[Date "2019.03.29"]
[Round "7"]
[White "Hector, Jonny"]
[Black "Hauge, Lars Oskar"]
[Result "1-0"]
[WhiteElo "2492"]
[BlackElo "2466"]
[PlyCount "57"]
1. e4 c5 2. Nf3 d6 3. d4 cxd4 4. Nxd4 Nf6 5. Nc3 a6 6. Bg5 e6 7. f4 b5 8. e5
dxe5 9. fxe5 Qc7 10. Qe2 Nfd7 11. O-O-O Bb7 12. Nxe6 fxe6 13. Qg4 Nc5 14. Bxb5+
Nc6 15. Rhf1 Be7 16. Bxe7 Qxe7 17. Bxc6+ Bxc6 18. Rd6 Bd7 19. b4 Nb7 20. Rb6
Bc8 21. Qh5+ g6 22. Qf3 Kd8 23. Qc6 Qg5+ 24. Kb1 Qxe5 25. Rd1+ Ke7 26. Rxb7+
Bxb7 27. Qxb7+ Kf6 28. Ne4+ Kf5 29. Qf7+ 1-0

[Event "Elit(Wasa-Schack 08)"]
[Site "?"]
[Date "2019.03.29"]
[Round "7"]
[White "Amin, Bassem"]
[Black "Ingbrant, Johan"]
[Result "1-0"]
[WhiteElo "2712"]
[BlackElo "2363"]
[PlyCount "79"]
1. Nf3 d5 2. g3 c6 3. Bg2 Nf6 4. O-O Bg4 5. d3 Nbd7 6. Nbd2 e5 7. e4 dxe4 8.
dxe4 Qc7 9. Qe1 h6 10. Nh4 Bc5 11. Nf5 g6 12. Ne3 Be6 13. Nb3 Be7 14. f4 Nc5
15. f5 Bxb3 16. axb3 g5 17. Nc4 Ncd7 18. h3 b5 19. Na5 Bc5+ 20. Kh1 Ke7 21. Bd2
a6 22. b4 Bb6 23. c4 bxc4 24. Rc1 Rhc8 25. Rxc4 Bxa5 26. bxa5 Rab8 27. b4 Ne8
28. Qe2 Nd6 29. Rc2 Nf6 30. Rfc1 Nb5 31. Be3 Ke8 32. Bc5 Rb7 33. Kh2 Nd7 34. f6
Nxc5 35. Rxc5 Qd6 36. Qg4 Rd7 37. Qf5 Nd4 38. Qh7 Kd8 39. Qxh6 Ne2 40. Qh8+ 1-0

[Event "Elit(Limhamn-Stockholms SS)"]
[Site "?"]
[Date "2019.03.29"]
[Round "7"]
[White "Lokander, Martin"]
[Black "Hansen, Mads"]
[Result "1-0"]
[WhiteElo "2415"]
[BlackElo "2403"]
[PlyCount "105"]
1. c4 c5 2. Nc3 Nc6 3. Nf3 e5 4. g3 g6 5. Bg2 Bg7 6. O-O d6 7. a3 a5 8. Ne1 Be6
9. d3 Nge7 10. Bg5 f6 11. Bd2 O-O 12. Rb1 Rb8 13. b4 cxb4 14. axb4 Nxb4 15. Nc2
Nec6 16. Nd5 Na6 17. Qc1 Rf7 18. Qa3 f5 19. Rb5 Nc5 20. e3 Ra8 21. Rd1 Ra6 22.
Be1 Bd7 23. Rbb1 Bc8 24. f4 Ne6 25. Rb5 g5 26. fxg5 Qxg5 27. Nb6 Qd8 28. Nxc8
Qxc8 29. Bf2 Nc7 30. Rbb1 Nd8 31. Qb3 a4 32. Qa2 Bf8 33. Nb4 Ra5 34. Nd5 Nce6
35. Nb6 Qc7 36. Nd5 Qd7 37. Nb6 Qc7 38. Be1 Ra6 39. Nd5 Qd7 40. Rb6 Ra7 41. Nc3
Kh8 42. Bf2 Ra8 43. Qc2 Bg7 44. Nb5 Nc6 45. d4 exd4 46. exd4 Ng5 47. c5 Ne4 48.
Bxe4 fxe4 49. Nxd6 Rxf2 50. Qxf2 a3 51. Rxb7 Qg4 52. Nf7+ Kg8 53. Nh6+ 1-0

[Event "Elit(Wasa-Schack 08)"]
[Site "?"]
[Date "2019.03.29"]
[Round "7"]
[White "Nyander, Joakim"]
[Black "Berg, Emanuel"]
[Result "0-1"]
[WhiteElo "2229"]
[BlackElo "2537"]
[PlyCount "108"]
1. c4 f5 2. g3 Nf6 3. Bg2 g6 4. Nc3 Bg7 5. d3 d6 6. e4 Nc6 7. Nge2 O-O 8. O-O
e5 9. Nd5 fxe4 10. dxe4 Be6 11. Bg5 Qd7 12. Qd2 Rf7 13. f3 Raf8 14. Rac1 Nd8
15. b3 Bh3 16. Rcd1 Bxg2 17. Kxg2 Ne6 18. Be3 Ne8 19. Qa5 c6 20. Ndc3 b6 21.
Qa4 Qc8 22. Rd2 h5 23. Rdd1 Kh7 24. Qa3 c5 25. Qc1 Nd4 26. Ng1 Nc7 27. Qd2 a6
28. Rb1 b5 29. Nd5 Nxd5 30. cxd5 b4 31. Rf2 a5 32. Qd3 Bh6 33. Bxh6 Kxh6 34.
Rbf1 Rc7 35. Ne2 Kg7 36. Rc1 Rff7 37. Rcf1 c4 38. bxc4 Nxe2 39. Qxe2 Rxc4 40.
f4 exf4 41. gxf4 Rxf4 42. Qb2+ Kh7 43. Rxf4 Rc2+ 44. Qxc2 Qxc2+ 45. R1f2 Qc4
46. Rf7+ Kh6 47. Re7 a4 48. h4 b3 49. axb3 axb3 50. Re6 Qb5 51. Rb2 Qd3 52. Rf2
Qd1 53. Rff6 Qg4+ 54. Kf2 b2 0-1

[Event "Elit(Rockaden,Sthlm-Rockaden,Umea)"]
[Site "?"]
[Date "2019.03.10"]
[Round "5"]
[White "Bator, Robert"]
[Black "Johansson, David"]
[Result "1-0"]
[WhiteElo "2378"]
[BlackElo "2128"]
[PlyCount "129"]
1. c4 e6 2. Nf3 Nf6 3. g3 b6 4. Bg2 Bb7 5. O-O c5 6. Re1 Be7 7. Nc3 Ne4 8. Nxe4
Bxe4 9. d3 Bb7 10. e4 O-O 11. d4 d6 12. b3 Nd7 13. Bb2 Qc7 14. Nd2 e5 15. dxe5
dxe5 16. Nf1 Nf6 17. Qc2 Rfd8 18. Ne3 a6 19. Nd5 Nxd5 20. exd5 Bd6 21. Qf5 Bc8
22. Qh5 f6 23. f4 g6 24. Qh4 Rf8 25. fxe5 fxe5 26. Qg5 Rf5 27. Qe3 Qf7 28. g4
Rf4 29. h3 Bd7 30. Bxe5 Bxe5 31. Qxe5 Re8 32. Qc3 Rf8 33. d6 Qf6 34. Qxf6 R8xf6
35. Rad1 Rd4 36. Bd5+ Kh8 37. Rxd4 cxd4 38. Re4 Rxd6 39. Rxd4 Bc6 40. Kf2 Kg7
41. Ke3 Kf6 42. Bxc6 Rxc6 43. Rd5 Ke6 44. Kd4 Rc8 45. Re5+ Kd6 46. Rd5+ Ke6 47.
c5 bxc5+ 48. Rxc5 Rd8+ 49. Ke4 Rd6 50. b4 Rb6 51. a3 Kd6 52. Ra5 Rc6 53. Kd4
Rb6 54. Kc4 Rc6+ 55. Rc5 Rb6 56. Rc8 Rb7 57. Ra8 Rc7+ 58. Kd4 Rc6 59. Ra7 Ke6
60. Rxh7 Kf6 61. a4 Rc1 62. b5 axb5 63. axb5 Rb1 64. Kc5 Rc1+ 65. Kd6 1-0

[Event "Elit(Rockaden,Sthlm-Rockaden,Umea)"]
[Site "?"]
[Date "2019.03.10"]
[Round "5"]
[White "Eriksson, Jorgen"]
[Black "Hedman, Erik"]
[Result "1/2-1/2"]
[WhiteElo "2206"]
[BlackElo "2378"]
[PlyCount "86"]
1. Nf3 d5 2. d4 Nf6 3. c4 e6 4. g3 Be7 5. Bg2 O-O 6. O-O c6 7. Nbd2 b6 8. Qc2
Bb7 9. b3 a5 10. a3 Na6 11. Bb2 Rc8 12. Rac1 c5 13. e3 Rc7 14. Rfd1 cxd4 15.
exd4 dxc4 16. bxc4 b5 17. Bc3 Bxa3 18. Bxa5 Bxc1 19. Rxc1 bxc4 20. Bxc7 Qxc7
21. Qxc4 Rc8 22. Qxc7 Rxc7 23. Rxc7 Nxc7 24. Ne5 Bd5 25. Bxd5 Nfxd5 26. f4 Nb5
27. Nb3 Nb4 28. Kf2 f6 29. Nf3 Kf7 30. Ke3 Ke7 31. Nbd2 Kd6 32. Nc4+ Kd5 33.
Nb6+ Kc6 34. Nc4 Kd5 35. Nb6+ Kd6 36. Nc4+ Kc6 37. Ke4 Nc3+ 38. Ke3 Ncd5+ 39.
Ke2 h6 40. Kd2 Ne7 41. Ne3 Kb5 42. Kc3 Nbd5+ 43. Nxd5 Nxd5+ 1/2-1/2

[Event "Elit(Rockaden,Sthlm-Rockaden,Umea)"]
[Site "?"]
[Date "2019.03.10"]
[Round "5"]
[White "Sorensen, Hampus"]
[Black "Larsson, Johan"]
[Result "1-0"]
[WhiteElo "2230"]
[BlackElo "2197"]
[PlyCount "71"]
1. d4 d5 2. c4 e6 3. Nf3 c5 4. cxd5 exd5 5. g3 Nc6 6. Bg2 Nf6 7. O-O Be7 8. Nc3
O-O 9. dxc5 Bxc5 10. Na4 Be7 11. Be3 Re8 12. Rc1 Bg4 13. h3 Bh5 14. g4 Bg6 15.
Nc3 Bb4 16. Bg5 d4 17. Nb1 d3 18. e3 h6 19. Bh4 Qa5 20. Bxf6 gxf6 21. a3 Bf8
22. Nh4 Bh7 23. Rc3 Rad8 24. Nd2 Rd7 25. Qb3 h5 26. Qd1 Bh6 27. b4 Qd8 28. Nf5
Bxf5 29. gxf5 Kh7 30. Rc4 Rg8 31. Rh4 Rg5 32. Kh1 Ne7 33. Be4 Qg8 34. Nf3 Rg7
35. Nd4 Rxd4 36. Qxh5 1-0

[Event "Elit(Rockaden,Sthlm-Rockaden,Umea)"]
[Site "?"]
[Date "2019.03.10"]
[Round "5"]
[White "Mardell, Jonas"]
[Black "Kenneskog, Theodor"]
[Result "1-0"]
[WhiteElo "2029"]
[BlackElo "2330"]
[PlyCount "77"]
1. e4 c5 2. c3 Nf6 3. e5 Nd5 4. d4 cxd4 5. Qxd4 e6 6. Bc4 Nc6 7. Qe4 f5 8. Qe2
Nb6 9. Bb3 Be7 10. Nf3 O-O 11. Bf4 Na5 12. c4 Qc7 13. Nbd2 Nxb3 14. axb3 a5 15.
h4 Qc6 16. Nd4 Qc5 17. Nb5 Qc6 18. Nd6 a4 19. b4 Qxg2 20. O-O-O a3 21. Rdg1
Qxh1 22. Rxh1 a2 23. Kc2 a1=Q 24. Rxa1 Rxa1 25. b3 Bxh4 26. Kb2 Rg1 27. Nf3 Rg4
28. Be3 Na8 29. Nxh4 Rxh4 30. Bg5 Re4 31. Nxe4 fxe4 32. Be7 Re8 33. Bd6 b5 34.
c5 Ba6 35. Qxe4 Rc8 36. Qh4 Re8 37. c6 dxc6 38. Qd4 c5 39. Qxc5 1-0

[Event "Elit(Rockaden,Sthlm-Rockaden,Umea)"]
[Site "?"]
[Date "2019.03.10"]
[Round "5"]
[White "Engqvist, Thomas"]
[Black "Isaksson, Henrik"]
[Result "0-1"]
[WhiteElo "2324"]
[BlackElo "2083"]
[PlyCount "106"]
1. d4 d5 2. Bf4 Nf6 3. e3 c5 4. c3 Nc6 5. Bd3 e6 6. Nd2 Bd6 7. Bxd6 Qxd6 8. f4
Bd7 9. Nh3 Ne7 10. O-O Nf5 11. Rf3 Qb6 12. Qb1 g6 13. Kh1 Rc8 14. a4 a5 15. Nf2
Nd6 16. g4 Bc6 17. f5 exf5 18. gxf5 g5 19. Kg1 Kd7 20. dxc5 Qxc5 21. Nb3 Qb6
22. Nd4 Nc4 23. Qa2 Ne5 24. Rg3 Rcg8 25. Rb1 Kd8 26. Qa3 Bd7 27. b4 Qd6 28. Qb2
axb4 29. cxb4 Ke7 30. a5 h5 31. Be2 g4 32. Rg2 h4 33. b5 h3 34. Rg3 Nh5 35. Qb4
Qxb4 36. Rxb4 Nxg3 37. hxg3 Rc8 38. Rb1 Rc3 39. Nd1 Ra3 40. a6 bxa6 41. bxa6
Ra8 42. Rb6 f6 43. Ne6 Bxe6 44. fxe6 f5 45. Kf2 Nc4 46. Rb7+ Kxe6 47. e4 fxe4
48. Bxg4+ Ke5 49. Bxh3 R8xa6 50. Re7+ Kd4 51. Rf7 Ra2+ 52. Ke1 Ne5 53. Bf1 Nxf7
0-1

[Event "Elit(Stockholms SS-Wasa)"]
[Site "?"]
[Date "2019.03.10"]
[Round "5"]
[White "Grigorov, Grigor"]
[Black "Lokander, Martin"]
[Result "1/2-1/2"]
[WhiteElo "2502"]
[BlackElo "2415"]
[PlyCount "113"]
[SourceDate "2019.04.02"]
1. d4 Nf6 2. Nf3 c5 3. e3 cxd4 4. exd4 g6 5. c4 Bg7 6. Nc3 d5 7. Bg5 Ne4 8.
cxd5 Nxg5 9. Nxg5 Qb6 10. Bb5+ Bd7 11. Bxd7+ Nxd7 12. O-O Qxb2 13. Qf3 O-O 14.
Rab1 Qd2 15. Rxb7 Qxg5 16. Rxd7 Bxd4 17. Ne4 Qe5 18. Nd2 Rad8 19. Nc4 Qg5 20.
Rb7 Qxd5 21. Qxd5 Rxd5 22. Rxe7 Rc8 23. Ne3 Ra5 24. Rd7 Bxe3 25. fxe3 Rxa2 26.
Rfxf7 Rc1+ 27. Rf1 Rcc2 28. Rff7 Ra1+ 29. Rf1 Raa2 30. Rff7 Rxg2+ 31. Kf1 Rxh2
32. Kg1 Rag2+ 33. Kf1 Ra2 34. Kg1 Rag2+ 35. Kf1 Rd2 36. Rg7+ Kh8 37. Rxh7+ Rxh7
38. Rxd2 Rf7+ 39. Kg2 a5 40. Rd8+ Kg7 41. Ra8 Rf5 42. e4 Rb5 43. Kf3 g5 44. Ra6
Kf7 45. Ke3 Kg7 46. Kd4 g4 47. Ke3 g3 48. Kf3 Rg5 49. Kg2 Kf7 50. e5 Rxe5 51.
Kxg3 Ke7 52. Kf4 Rh5 53. Ke3 Kd7 54. Kd3 Kc7 55. Kc3 Kb7 56. Rg6 Rc5+ 57. Kb3
1/2-1/2

[Event "Elit(Stockholms SS-Wasa)"]
[Site "?"]
[Date "2019.03.10"]
[Round "5"]
[White "Westerberg, Jonathan"]
[Black "Cramling, Pia"]
[Result "1-0"]
[WhiteElo "2542"]
[BlackElo "2462"]
[PlyCount "135"]
1. e4 c5 2. Nf3 d6 3. Bb5+ Nd7 4. O-O Ngf6 5. Re1 a6 6. Bd3 e6 7. c3 Be7 8. Bc2
b5 9. d4 cxd4 10. cxd4 Bb7 11. Nbd2 Rc8 12. Nf1 Qc7 13. Bd3 O-O 14. Ng3 Rfe8
15. a4 bxa4 16. Rxa4 Ra8 17. Bd2 Bc6 18. Ra1 Bb5 19. Qe2 Qb7 20. Ra2 Bxd3 21.
Qxd3 Qb5 22. Qb1 Rec8 23. h3 Nb6 24. b3 Nbd7 25. Ra5 Qb7 26. Qd3 Bd8 27. Ra2
Qb5 28. Qxb5 axb5 29. Rea1 Rxa2 30. Rxa2 h6 31. Bb4 d5 32. e5 Ne4 33. Ne2 Bb6
34. Ne1 f6 35. exf6 gxf6 36. f3 Ng5 37. Kf1 e5 38. dxe5 fxe5 39. Nc3 Nf6 40.
Ra6 Bd8 41. Nxb5 Rb8 42. Ba5 Bxa5 43. Rxa5 Ne6 44. b4 e4 45. Nc2 exf3 46. gxf3
Rc8 47. Ra2 Rc4 48. Ke2 Nd7 49. Nd6 Rc3 50. Nf5 Nf4+ 51. Kf2 Nxh3+ 52. Kg3 Ng5
53. Ncd4 Ne4+ 54. Kf4 Nef6 55. Nxh6+ Kh7 56. Nhf5 Rc4 57. b5 Rb4 58. Kg5 Rb1
59. Ne7 Rg1+ 60. Kf5 Re1 61. Nec6 Kg7 62. Ra7 Kf7 63. b6 Ke8 64. b7 Ng8 65.
Ra8+ Kf7 66. Rd8 Ngf6 67. b8=Q Nxb8 68. Rxb8 1-0

[Event "Elit(Stockholms SS-Wasa)"]
[Site "?"]
[Date "2019.03.10"]
[Round "5"]
[White "Suarez Garcia, Carlos"]
[Black "Ertan, Can"]
[Result "1/2-1/2"]
[WhiteElo "2424"]
[BlackElo "2421"]
[PlyCount "54"]
1. d4 Nf6 2. Bf4 c5 3. d5 Qb6 4. Bc1 e6 5. c4 Qb4+ 6. Nc3 Qxc4 7. e4 Qb4 8. a3
Qa5 9. Bd2 Qd8 10. Bg5 h6 11. Bh4 a6 12. e5 g5 13. Bg3 Nxd5 14. Nxd5 exd5 15.
Qxd5 Nc6 16. Bc4 Qe7 17. O-O-O b5 18. Ba2 Qe6 19. Ne2 Bb7 20. Nc3 O-O-O 21. Qd2
c4 22. Rhe1 Bg7 23. Ne4 Bxe5 24. Nc5 Qf6 25. Ne4 Qe6 26. Nc5 Qf6 27. Ne4 Qe6
1/2-1/2